000 00638nam a22002057a 4500
003 UA-OsUOA
001 7887
007 ta
008 20040722b un ||||| |||| 00| 0 ukr d
100 _aНетикша О.
942 _cSA
040 _aUA-OsUOA
_bukr
_cUA-OsUOA
_dUA-OsUOA
245 _aОрганізація служби внутрішнього аудиту та її роботи на підприємстві
300 _aС.61-65
955 _a0
041 _aukr
044 _aUA
773 0 _w0
_tБухгалтерський облік і аудит
_dК.
_d2004
_gN7
650 7 _aБухгалтерський облік
_2UDC
999 _c294048
_d294048